| 000 | 01505nam a2200265Ia 4500 | ||
|---|---|---|---|
| 999 |
_c50653 _d50653 |
||
| 001 | 17603 | ||
| 003 | GE_BSU | ||
| 005 | 20200220120046.0 | ||
| 008 | 181216s2008ge xx |||||||||||||| ||geo|| | ||
| 020 | _a9789941004353 | ||
| 040 | _cGE_BSU | ||
| 041 | _ageo | ||
| 080 | _a339.138 ა-27 | ||
| 100 |
_aადეიშვილი, ირმა. _97221 |
||
| 245 |
_aფირმის ინოვაციური მარკეტინგი : Innovative Marketing of the Firm : _bდამხმარე სასწავლო სახელმძღვანელო / _cირმა ადეიშვილი ; ბადრი გეჩბაია ; რედ. გელა მამულაძე. |
||
| 264 |
_aბათუმი : _bსაზოგადოება ცოდნა, _c2008. |
||
| 300 |
_a100 გვ; _c20 სმ. |
||
| 504 | _aბიბლიოგრ.: გვ. 94-95 | ||
| 653 | _aგადმოცემულია ინოვაციური მარკეტინგის ძირითადი საკითხები,მარკეტინგული ინოვაციების მნიშვნელობა. | ||
| 653 | _aეკონომიკა | ||
| 653 | _aფირმის ინოვაციური მარკეტინგი | ||
| 700 |
_aგეჩბაია, ბადრი _91999 |
||
| 700 |
_aმამულაძე, გელა _eრედაქტორი _97222 |
||
| 942 |
_cBK _2udc |
||